Statistiques concernant Membres de la Brigade Fantôme ( Hunter X Hunter )

Cliquez ici pour prendre le quiz!

Statistiques générales

  • Ce quiz a été pris 59 fois
  • Le résultat moyen est 10 sur 16

Statistiques - réponses

Réponse% Correct
Hisoka
100%
Kuroro
93%
Feitan
90%
Irumi
81%
Uvoguine
74%
Nobunaga
71%
Pakunoda
69%
Phinks
67%
Franklin
62%
Machi
60%
Karuto
57%
Shizuku
57%
Sharnalk
52%
Korutopi
40%
Bonolenov
21%
Omokage
21%

Distribution des résultats

Percentile par nombre de réponses

% des personnes avec chaque résultat

Votre développement - résultats

Vous n’avez pas pris ce quiz